Souvenir: celebrating 80 years of fruitful living of Leo DSouza (Record no. 215424)
[ view plain ]
| 000 -LEADER | |
|---|---|
| fixed length control field | 00630nam a2200217Ia 4500 |
| 003 - CONTROL NUMBER IDENTIFIER | |
| control field | OSt |
| 005 - DATE AND TIME OF LATEST TRANSACTION | |
| control field | 20250705101808.0 |
| 008 - FIXED-LENGTH DATA ELEMENTS--GENERAL INFORMATION | |
| fixed length control field | 210719s2012 xx 000 0 und d |
| 040 ## - CATALOGING SOURCE | |
| Transcribing agency | AL |
| 041 ## - LANGUAGE CODE | |
| Language code of text/sound track or separate title | eng |
| 082 ## - DEWEY DECIMAL CLASSIFICATION NUMBER | |
| Classification number | 922 STAS |
| 100 ## - MAIN ENTRY--PERSONAL NAME | |
| Personal name | ST ALOYSIUS COLLEGE |
| 9 (RLIN) | 174798 |
| 245 ## - TITLE STATEMENT | |
| Title | Souvenir: celebrating 80 years of fruitful living of Leo DSouza |
| 260 ## - PUBLICATION, DISTRIBUTION, ETC. | |
| Place of publication, distribution, etc. | Mangalore |
| Name of publisher, distributor, etc. | St Aloysisus College |
| Date of publication, distribution, etc. | 2012 |
| 300 ## - PHYSICAL DESCRIPTION | |
| Extent | iv,76 |
| Other physical details | PB |
| 365 ## - TRADE PRICE | |
| Currency code | Rs |
| 650 ## - SUBJECT ADDED ENTRY--TOPICAL TERM | |
| Topical term or geographic name entry element | Biography |
| 9 (RLIN) | 174799 |
| 650 ## - SUBJECT ADDED ENTRY--TOPICAL TERM | |
| Topical term or geographic name entry element | Biography |
| 9 (RLIN) | 174799 |
| 906 ## - LOCAL DATA ELEMENT F, LDF (RLIN) | |
| a | 80 ; celebrating ; D ; fruitful ; Leo ; living ; of ; Souvenir: ; Souza ; years |
| 942 ## - ADDED ENTRY ELEMENTS (KOHA) | |
| Source of classification or shelving scheme | Dewey Decimal Classification |
| Koha item type | Book |
| Withdrawn status | Lost status | Source of classification or shelving scheme | Damaged status | Not for loan | Collection code | Home library | Current library | Date acquired | Total Checkouts | Full call number | Barcode | Date last seen | Date last checked out | Price effective from | Koha item type |
|---|---|---|---|---|---|---|---|---|---|---|---|---|---|---|---|
| Dewey Decimal Classification | Botany | St Aloysius Library | St Aloysius Library | 02/21/2013 | 1 | 922 STAS | D04057 | 03/09/2022 | 02/16/2022 | 07/19/2021 | Donated Books | ||||
| Dewey Decimal Classification | Botany | St Aloysius Library | St Aloysius Library | 03/02/2016 | 2 | 922 STAS | D04248 | 08/20/2025 | 08/19/2025 | 07/19/2021 | Donated Books |